Statistiken für Berliner S-Bahnhöfe auf einer leeren Karte

Klicken Sie hier um das Quiz zu spielen!

Allgemein

  • Dieses Quiz wurde 2.374 mal gespielt
    (2.101 seit der letzten Aktualisierung)
  • Das Durchschnittsergebnis liegt bei 136 aus 282

Antworten auf der Karte

Die Antworten werden auf der Karte rot bzw. grün angezeigt, abhängig davon wie oft sie richtig erraten wurden.
 

Antwortstatistiken

LinieBahnhöfeBezirk/Landkreis% Korrekt
S5HauptbahnhofMitte
90%
S7HauptbahnhofMitte
90%
S3HauptbahnhofMitte
90%
S5AlexanderplatzMitte
87%
S3AlexanderplatzMitte
87%
S7AlexanderplatzMitte
87%
S7Potsdam HauptbahnhofPotsdam
86%
Ring-BahnOstkreuzFriedrichshain-Kreuzberg
85%
S7OstkreuzFriedrichshain-Kreuzberg
85%
S8OstkreuzFriedrichshain-Kreuzberg
85%
S3OstkreuzFriedrichshain-Kreuzberg
85%
S5OstkreuzFriedrichshain-Kreuzberg
85%
S3FriedrichstraßeMitte
84%
S1FriedrichstraßeMitte
84%
S5FriedrichstraßeMitte
84%
S25FriedrichstraßeMitte
84%
S2FriedrichstraßeMitte
84%
S26FriedrichstraßeMitte
84%
S7FriedrichstraßeMitte
84%
S2SüdkreuzTempelhof-Schöneberg
84%
S25SüdkreuzTempelhof-Schöneberg
84%
Ring-BahnSüdkreuzTempelhof-Schöneberg
84%
S26SüdkreuzTempelhof-Schöneberg
84%
S1GesundbrunnenMitte
83%
S26GesundbrunnenMItte
83%
Ring-BahnGesundbrunnenMitte
83%
S2GesundbrunnenMitte
83%
S25GesundbrunnenMitte
83%
S3SpandauSpandau
83%
S7WestkreuzCharlottenburg-Wilmersdorf
83%
Ring-BahnWestkreuzCharlottenburg-Wilmersdorf
83%
S3WestkreuzCharlottenburg-Wilmersdorf
83%
S5WestkreuzCharlottenburg-Wilmersdorf
83%
S3Zoologischer GartenCharlottenburg-Wilmersdorf
80%
S7Zoologischer GartenCharlottenburg-Wilmersdorf
80%
S5Zoologischer GartenCharlottenburg-Wilmersdorf
80%
S5OstbahnhofFriedrichshain-Kreuzberg
79%
S7OstbahnhofFriedrichshain-Kreuzberg
79%
S3OstbahnhofFriedrichshain-Kreuzberg
79%
S7WannseeSteglitz-Zehlendorf
76%
S1WannseeSteglitz-Zehlendorf
76%
S3CharlottenburgCharlottenburg-Wilmersdorf
72%
S7CharlottenburgCharlottenburg-Wilmersdorf
72%
S5CharlottenburgCharlottenburg-Wilmersdorf
72%
Ring-BahnNeuköllnNeukölln
71%
S45Flughafen BER – Terminal 1-2 ✈Dahme-Spreewald
70%
S5Warschauer StraßeFriedrichshain-Kreuzberg
70%
S7Warschauer StraßeFriedrichshain-Kreuzberg
70%
S3Warschauer StraßeFriedrichshain-Kreuzberg
70%
S1OranienburgOberhavel
69%
S45Flughafen BER – Terminal 5 ✈Dahme-Spreewald
68%
S2PankowPankow
68%
S8PankowPankow
68%
S25Potsdamer PlatzMitte
67%
S26Potsdamer PlatzMitte
67%
S1Potsdamer PlatzMitte
67%
S2Potsdamer PlatzMitte
67%
Ring-BahnTempelhofTempelhof-Schöneberg
67%
S3TiergartenMitte
67%
S7TiergartenMitte
67%
S5TiergartenMitte
67%
S26Brandenburger TorMitte
66%
S25Brandenburger TorMitte
66%
S1Brandenburger TorMitte
66%
S2Brandenburger TorMitte
66%
S3Hackescher MarktMitte
66%
S3OlympiastadionCharlottenburg-Wilmersdorf
65%
S3BellevueMitte
64%
S7BellevueMitte
64%
S5BellevueMitte
64%
S1SchönebergTempelhof-Schöneberg
63%
Ring-BahnSchönebergTempelhof-Schöneberg
63%
S3JannowitzbrückeMitte
62%
S5JannowitzbrückeMitte
62%
S7JannowitzbrückeMitte
62%
Ring-BahnWeddingMitte
62%
S5LichtenbergLichtenberg
61%
S7LichtenbergLichtenberg
61%
S8Treptower ParkTreptow-Köpenick
60%
Ring-BahnTreptower ParkTreptow-Köpenick
60%
S3ErknerOder-Spree
59%
Ring-BahnMesse Nord / ICCCharlottenburg-Wilmersdorf
59%
S26NordbahnhofMitte
59%
S2NordbahnhofMitte
59%
S1NordbahnhofMitte
59%
S25NordbahnhofMitte
59%
Ring-BahnFrankfurter AlleeFriedrichshain-Kreuzberg
58%
S8Frankfurter AlleeFriedrichshain-Kreuzberg
58%
Ring-BahnWestendCharlottenburg-Wilmersdorf
58%
S7GrunewaldCharlottenburg-Wilmersdorf
57%
S3KöpenickTreptow-Köpenick
56%
S1YorckstraßeTempelhof-Schöneberg
56%
S25Teltow StadtPotsdam-Mittelmark
55%
S26Teltow StadtPotsdam-Mittelmark
55%
S2YorckstraßeTempelhof-Schöneberg
55%
S25YorckstraßeTempelhof-Schöneberg
55%
S26YorckstraßeTempelhof-Schöneberg
55%
S7AhrensfeldeMarzahn-Hellersdorf
54%
S2BernauBarnim
54%
S46Königs WusterhausenDahme-Spreewald
54%
Ring-BahnHermannstraßeNeukölln
53%
S7MarzahnMarzahn-Hellersdorf
53%
S3SavignyplatzCharlottenburg-Wilmersdorf
53%
S7SavignyplatzCharlottenburg-Wilmersdorf
53%
S5SavignyplatzCharlottenburg-Wilmersdorf
53%
Ring-BahnSchönhauser AlleePankow
53%
S8Schönhauser AlleePankow
53%
S25TegelReinickendorf
52%
S7BabelsbergPotsdam
51%
Ring-BahnSonnenalleeNeukölln
51%
S1Anhalter BahnhofFriedrichshain-Kreuzberg
50%
S25Anhalter BahnhofFriedrichshain-Kreuzberg
50%
S2Anhalter BahnhofFriedrichshain-Kreuzberg
50%
S26Anhalter BahnhofFriedrichshain-Kreuzberg
50%
S25Bornholmer StraßePankow
50%
S8Bornholmer StraßePankow
50%
S26Bornholmer StraßePankow
50%
S2Bornholmer StraßePankow
50%
S1Bornholmer StraßePankow
50%
S1NikolasseeSteglitz-Zehlendorf
50%
S7NikolasseeSteglitz-Zehlendorf
50%
S45SchöneweideTreptow-Köpenick
50%
S47SchöneweideTreptow-Köpenick
50%
S8SchöneweideTreptow-Köpenick
50%
S46SchöneweideTreptow-Köpenick
50%
S5StrausbergMärkisch-Oderland
50%
S2BuchPankow
49%
S8GrünauTreptow-Köpenick
49%
S46GrünauTreptow-Köpenick
49%
Ring-BahnWesthafenMitte
49%
Ring-BahnBundesplatzTempelhof-Schöneberg/Charlottenburg-Wilmersdorf
48%
Ring-BahnJungfernheideCharlottenburg-Wilmersdorf
48%
S8Landsberger AlleeFriedrichshain-Kreuzberg
48%
Ring-BahnLandsberger AlleeFriedrichshain-Kreuzberg
48%
S3RummelsburgLichtenberg
48%
S1ZehlendorfSteglitz-Zehlendorf
47%
S45AdlershofTreptow-Köpenick
46%
S46AdlershofTreptow-Köpenick
46%
S8AdlershofTreptow-Köpenick
46%
Ring-BahnInnsbrucker PlatzTempelhof-Schöneberg
46%
S3Messe Süd (Eichkamp)Charlottenburg-Wilmersdorf
46%
S1Rathaus SteglitzSteglitz-Zehlendorf
46%
S8BaumschulenwegTreptow-Köpenick
45%
S45BaumschulenwegTreptow-Köpenick
45%
S47BaumschulenwegTreptow-Köpenick
45%
S46BaumschulenwegTreptow-Köpenick
45%
S8Greifswalder StraßePankow
45%
Ring-BahnGreifswalder StraßePankow
45%
Ring-BahnPrenzlauer AlleePankow
45%
S8Prenzlauer AlleePankow
45%
Ring-BahnStorkower StraßePankow (Prenzlauer Berg)
45%
S8Storkower StraßePankow (Prenzlauer Berg)
45%
S5Strausberg NordMärkisch-Oderland
45%
S26Lichterfelde OstSteglitz-Zehlendorf
44%
S25Lichterfelde OstSteglitz-Zehlendorf
44%
S2Oranienburger StraßeMitte
44%
S1Oranienburger StraßeMitte
44%
S25Oranienburger StraßeMitte
44%
S26Oranienburger StraßeMitte
44%
Ring-BahnHalenseeCharlottenburg-Wilmersdorf
43%
S1MexikoplatzSteglitz-Zehlendorf
42%
Ring-BahnHeidelberger PlatzCharlottenburg-Wilmersdorf
41%
Ring-BahnBeusselstraßeMitte
40%
S1FrohnauReinickendorf
40%
S2BlankenfeldeTeltow-Fläming
39%
S25HumboldthainMitte
39%
S1HumboldthainMitte
39%
S2HumboldthainMitte
39%
S26HumboldthainMitte
39%
S1Lichterfelde WestSteglitz-Zehlendorf
39%
S3HeerstraßeCharlottenburg-Wilmersdorf
38%
S2LichtenradeTempelhof-Schöneberg
38%
S1WittenauReinickendorf
38%
S26WittenauReinickendorf
38%
S75HohenschönhausenLichtenberg
37%
S26Lichterfelde SüdSteglitz-Zehlendorf
37%
S25Lichterfelde SüdSteglitz-Zehlendorf
37%
S5MahlsdorfMarzahn-Hellersdorf
37%
S3WuhlheideTreptow-Köpenick
37%
S3Betriebsbahnhof RummelsburgLichtenberg
36%
S1FriedenauTempelhof-Schöneberg
36%
S25HennigsdorfOberhavel
36%
S1Julius-Leber-BrückeTempelhof-Schöneberg
36%
S8PlänterwaldTreptow-Köpenick
36%
S75WartenbergLichtenberg
36%
S8BirkenwerderOberhavel
35%
S1BirkenwerderOberhavel
35%
S7GriebnitzseePotsdam
35%
S46JohannisthalTreptow-Köpenick
35%
S45JohannisthalTreptow-Köpenick
35%
S8JohannisthalTreptow-Köpenick
35%
S1SchlachtenseeSteglitz-Zehlendorf
35%
S1Botanischer GartenSteglitz-Zehlendorf
34%
Ring-BahnHohenzollerndammCharlottenburg-Wilmersdorf
34%
S3KarlshorstLichtenberg
34%
S2KarowPankow
34%
S5KaulsdorfMarzahn-Hellersdorf
34%
S47Köllnische HeideNeukölln
34%
S46Köllnische HeideNeukölln
34%
S45Köllnische HeideNeukölln
34%
S26WaidmannslustReinickendorf
34%
S1WaidmannslustReinickendorf
34%
S5BiesdorfMarzahn-Hellersdorf
33%
S1FeuerbachstraßeSteglitz-Zehlendorf
33%
S3FriedrichshagenTreptow-Köpenick
33%
S7NöldnerplatzLichtenberg
33%
S5NöldnerplatzLichtenberg
33%
S47SpindlersfeldTreptow-Köpenick
33%
S8ZeuthenDahme-Spreewald
33%
S46ZeuthenDahme-Spreewald
33%
S2BlankenburgPankow
32%
S8BlankenburgPankow
32%
S7Friedrichsfelde OstMarzahn-Hellersdorf
32%
S5Friedrichsfelde OstMarzahn-Hellersdorf
32%
S5HoppegartenMärkisch-Oderland
32%
S2Pankow-HeinersdorfPankow
32%
S8Pankow-HeinersdorfPankow
32%
S2MarienfeldeTempelhof-Schöneberg
31%
S3PichelsbergCharlottenburg-Wilmersdorf
31%
S2PriesterwegTempelhof-Schöneberg
31%
S26PriesterwegTempelhof-Schöneberg
31%
S25PriesterwegTempelhof-Schöneberg
31%
S25LankwitzSteglitz-Zehlendorf
30%
S26LankwitzSteglitz-Zehlendorf
30%
S46WildauDahme-Spreewald
30%
S45AltglienickeTreptow-Köpenick
29%
S1WollankstraßePankow
29%
S25WollankstraßePankow
29%
S26WollankstraßePankow
29%
S5WuhletalMarzahn-Hellersdorf
29%
S1Hohen NeuendorfOberhavel
28%
S8Hohen NeuendorfOberhavel
28%
S2MahlowTeltow-Fläming
28%
S25SchönholzPankow
28%
S1SchönholzPankow
28%
S26SchönholzPankow
28%
S5Strausberg StadtMärkisch-Oderland
27%
S3StresowSpandau
27%
S25Karl-Bonhoeffer-NervenklinikReinickendorf
26%
S3RahnsdorfTreptow-Köpenick
26%
S7SpringpfuhlMarzahn-Hellersdorf
26%
S26SüdendeSteglitz-Zehlendorf
26%
S25SüdendeSteglitz-Zehlendorf
26%
S1HermsdorfReinickendorf
25%
S1Sundgauer StraßeSteglitz-Zehlendorf
25%
S26WilhelmsruhPankow
25%
S1WilhelmsruhPankow
25%
S2AttilastraßeTempelhof-Schöneberg
24%
S45WaßmannsdorfDahme-Spreewald
24%
S25HeiligenseeReinickendorf
23%
S3HirschgartenTreptow-Köpenick
23%
S8Mühlenbeck-MönchmühleOberhavel
23%
S47OberspreeTreptow-Köpenick
22%
S46EichwaldeDahme-Spreewald
21%
S8EichwaldeDahme-Spreewald
21%
S7Hackescher MarktMitte
21%
S5Hackescher MarktMitte
21%
S26Osdorfer StraßeSteglitz-Zehlendorf
21%
S25Osdorfer StraßeSteglitz-Zehlendorf
21%
S7Raoul-Wallenberg-StraßeMarzahn-Hellersdorf
21%
S25Alt-ReinickendorfReinickendorf
20%
S1LehnitzOberhavel
20%
S5NeuenhagenMärkisch-Oderland
20%
S8SchönfließOberhavel
20%
S2ZepernickBarnim
20%
S2Buckower ChausseeTempelhof-Schöneberg
19%
S45GrünbergalleeTreptow-Köpenick
19%
S7PoelchaustraßeMarzahn-Hellersdorf
19%
S3WilhelmshagenTreptow-Köpenick
19%
S5BirkensteinMärkisch-Oderland
18%
S1BorgsdorfOberhavel
18%
S25EichborndammReinickendorf
18%
S5FredersdorfMärkisch-Oderland
18%
S75GehrenseestraßeLichtenberg
18%
S5HegermühleMärkisch-Oderland
18%
S7Mehrower AlleeMarzahn-Hellersdorf
18%
S2RöntgentalBarnim
18%
S2Bernau-FriedenstalBarnim
17%
S5Petershagen NordMärkisch-Oderland
17%
S2SchichauwegTempelhof-Schöneberg
17%
S25SchulzendorfReinickendorf
17%
S8BergfeldeOberhavel
15%

Verteilung der Resultate

Perzentil nach korrekt beantworteten Fragen

Anzahl Personen mit jedem Resultat

Ihre Resultats-Entwicklung

Sie haben dieses Quiz seit der letzten Aktualisierung nicht gespielt